LEADER 03086nam a2200817 a 4500
001 nkc20102113410
003 CZ PrNK
005 20110317085734.0
007 ta
008 100622s2010 xr c e 000 1dcze
015 |a cnb002113410 
020 |a 978-80-7412-049-7  |q (Refugium Velehrad-Roma :  |q brož.) :  |c Kč 45,00 
035 |a (OCoLC)693925792 
040 |a OLA001  |b cze  |d BOA001 
043 |a e-xr--- 
045 |a x1y1 
072 7 |a 27  |x Křesťanství. Křesťanská církev všeobecně. Eklesiologie  |2 Konspekt  |9 5 
080 |a 27-789.5  |2 MRF 
080 |a 272-732.2-725.2  |2 MRF 
080 |a 27-1-051  |2 MRF 
080 |a 27-184.3  |2 MRF 
080 |a 27-584  |2 MRF 
080 |a 27-4  |2 MRF 
080 |a 316.728  |2 MRF 
080 |a 82-7  |2 MRF 
080 |a (437.3)  |2 MRF 
080 |a (0:82-94)  |2 MRF 
080 |a (0:82-84)  |2 MRF 
100 1 |a Altrichter, Michal,  |d 1965-  |7 mzk2002102682  |4 aut 
245 1 0 |a Otec Špidlík mezi námi :  |b humoresky /  |c Michal Altrichter 
250 |a 1. vyd. 
260 |a Olomouc :  |b Refugium Velehrad-Roma,  |c 2010 
300 |a 43 s. :  |b 1 portrét ;  |c 15 cm 
490 1 |a Hlas Velehradu ;  |v 22 
500 |a Popsáno podle dotisku, rok původního vyd. neuveden 
504 |a Obsahuje bibliografické odkazy 
550 |a Vydavatel: Centrum Aletti 
600 1 7 |a Špidlík, Tomáš,  |d 1919-2010  |7 jn19990218115  |2 czenas 
648 4 |a 1919-2010 
648 7 |a 20.-21. století  |7 ch462155  |2 czenas 
650 0 7 |a jezuité  |7 ph121349  |z Česko  |y 20.-21. stol.  |2 czenas 
650 0 7 |a kardinálové  |7 ph121465  |z Česko  |y 20.-21. stol.  |2 czenas 
650 0 7 |a katoličtí teologové  |7 ph166057  |z Česko  |y 20.-21. stol.  |2 czenas 
650 0 7 |a křesťanská víra  |7 ph122113  |2 czenas 
650 0 7 |a duchovní život  |7 ph114375  |2 czenas 
650 0 7 |a křesťanský život  |7 ph122132  |2 czenas 
650 0 7 |a křesťanská víra  |7 ph122113  |x humor  |2 czenas 
650 0 7 |a duchovní život  |7 ph114375  |x humor  |2 czenas 
650 0 7 |a křesťanský život  |7 ph122132  |x humor  |2 czenas 
650 0 7 |a každodenní život  |7 ph121555  |x humor  |2 czenas 
650 0 9 |a Jesuits  |z Czechia  |y 20th-21st centuries  |2 eczenas 
650 0 9 |a cardinals  |z Czechia  |y 20th-21st centuries  |2 eczenas 
650 0 9 |a Catholic theologians  |z Czechia  |y 20th-21st centuries  |2 eczenas 
650 0 9 |a Christian faith  |2 eczenas 
650 0 9 |a spiritual life  |2 eczenas 
650 0 9 |a Christian life  |2 eczenas 
650 0 9 |a Christian faith  |x humor  |2 eczenas 
650 0 9 |a spiritual life  |x humor  |2 eczenas 
650 0 9 |a Christian life  |x humor  |2 eczenas 
650 0 9 |a everyday life  |x humor  |2 eczenas 
655 7 |a vzpomínky  |7 fd133830  |2 czenas 
655 7 |a citáty  |7 fd131832  |2 czenas 
655 9 |a reminiscences  |2 eczenas 
655 9 |a quotations  |2 eczenas 
710 2 |a Jezuité.  |b Česká provincie.  |b Centrum Aletti Velehrad-Roma  |7 kn20020906019 
830 0 |a Hlas Velehradu (Refugium Velehrad-Roma)  |0 s 
910 2 |a BOA001  |b S-1246.453 
990 |a BK 
995 |a 01 
991 |b 201011  |e b 
996 6 |b 2610449569  |c S-1246.453  |l MZK  |r Sklad / do 24 hodin  |n 1  |p p.v.  |w 001149773  |u 000010  |a 1  |e BOA001  |j MZK50  |s P